किशोरावस्था मे यौंन शिक्षा / (Record no. 198337)

MARC details
000 -LEADER
fixed length control field 00847nam a22002177a 4500
005 - DATE AND TIME OF LATEST TRANSACTION
control field 20230919113540.0
010 ## - LCCN (DPL NO)
LC control number HIN-126047
020 ## - INTERNATIONAL STANDARD BOOK NUMBER
International Standard Book Number 9789389043808
Terms of availability 500.00
035 ## - SYSTEM CONTROL NUMBER
System control number HN-98393
037 ## - SOURCE OF ACQUISITION
Source of stock number/acquisition DBAD/PUB
082 ## - DEWEY DECIMAL CLASSIFICATION NUMBER
Classification number 613.907
100 ## - MAIN ENTRY--PERSONAL NAME
Personal name बौध, राजेंद्र
245 ## - TITLE STATEMENT
Title किशोरावस्था मे यौंन शिक्षा /
Statement of responsibility, etc राजेंद्र बौध
250 ## - EDITION STATEMENT
Edition statement 1
260 ## - PUBLICATION, DISTRIBUTION, ETC. (IMPRINT)
Name of publisher, distributor, etc सत्यम पब्लिशिंग हाउस
Place of publication, distribution, etc नई दिल्ली
Date of publication, distribution, etc 2021
270 ## - ADDRESS
Address एन -3/25 मोहन गार्डन उत्तम नगर
Postal code 110059
City नई दिल्ली
300 ## - PHYSICAL DESCRIPTION
Extent 202 पृ.
Dimensions 23 सेमी (सजिल्द)
710 ## - ADDED ENTRY--CORPORATE NAME
9 (RLIN) 56895
942 ## - ADDED ENTRY ELEMENTS (KOHA)
Item type Hindi Books
Source of classification or shelving scheme Dewey Decimal Classification
Classification part 613.907
Call number suffix बौधरा
Holdings
Withdrawn status Lost status Not for loan Collection code Home library Current library Date acquired Source of acquisition Cost, normal purchase price Full call number Barcode Copy number Cost, replacement price Koha item type
      Non-fiction Mobile Library Mobile Library 19/09/2023 DBAD/PUB 500.00 613.907 बौधरा HN-98393 1 500.00 Hindi Books

© Delhi Public Library
Hit Counter
free hit counter